000 00856cam a2200301 a 4500
008 990901s1999 fr b 000|0 fre
010 _a 00306666
020 _a2020347083
040 _aDLC
_cDLC
_dDLC
050 0 0 _aPN56.M536
_bS33 1999
072 7 _aPN
_2lcco
082 1 4 _a809
_221
092 0 4 _a809
_bS2948
_221
099 _a04
_a809 S2948
100 1 _aSchaeffer, Jean-Marie.
245 1 0 _aPourquoi la fiction? /
_cJean-Marie Schaeffer.
260 _a[Paris] :
_bSeuil,
_cc1999.
300 _a346, [3] p. ;
_c21 cm.
440 0 _aPoetique
504 _aIncludes bibliographical references (p. 337-[347]).
650 0 _aFiction
_xHistory and criticism.
650 0 _aMimesis in literature.
902 _a1
905 _aEman
_eRev.
905 _aJihan
_eCat.
942 _2ddc
_cBK
999 _c133252
_d133252